[Event "Championnat de France des Jeunes - Juniors"]
[Site "AIX LES BAINS"]
[Date "2009.04.21"]
[Round "4.1"]
[White "Houriez, Clement"]
[Black "Frederic, Clement"]
[Result "1/2-1/2"]
[WhiteElo "2284"]
[BlackElo "2208"]
[Annotator ""]

1. d4 b6 2. e4 Bb7 3. Bd3 Nf6 4. Qe2 e6 5. Nf3 d5 6. exd5 Nxd5 7. O-O Be7 8. c4
Nf6 9. Nc3 c5 10. dxc5 Bxc5 11. Rd1 Nbd7 12. Bf4 O-O 13. Ne5 g6 14. Bc2 Qc8 15.
Ba4 Nxe5 16. Bxe5 Be7 17. a3 Rd8 18. Rxd8+ Qxd8 19. Rd1 Qf8 20. Nb5 Bc6 21. Qc2
Nd7 22. Bd6 Nc5 23. Bxe7 Qxe7 24. Nc3 Nxa4 25. Nxa4 1/2-1/2

[Event "Championnat de France des Jeunes - Juniors"]
[Site "AIX LES BAINS"]
[Date "2009.04.21"]
[Round "4.2"]
[White "Congiu, Mathilde"]
[Black "Guilleux, Fabien"]
[Result "0-1"]
[WhiteElo "2212"]
[BlackElo "2313"]
[Annotator ""]

1. e4 c5 2. c3 Nf6 3. e5 Nd5 4. Nf3 Nc6 5. d4 cxd4 6. cxd4 d6 7. Bc4 Nb6 8. Bb5
dxe5 9. Nxe5 Bd7 10. Nxd7 Qxd7 11. Nc3 e6 12. O-O Be7 13. Qg4 O-O 14. Be3 Rfd8
15. Rad1 Nd5 16. Qh3 Nxc3 17. bxc3 Rac8 18. Bf4 Bf6 19. Be2 Ne7 20. Rd3 Qa4 21.
Bf3 Nd5 22. Bc1 Nxc3 23. Bd2 Nd5 24. Be4 g6 25. Bh6 Bxd4 26. Bg5 Bf6 27. Rxd5
Bxg5 28. Bxg6 hxg6 29. Rxg5 Qxa2 30. Qh6 Qc2 31. h4 Rd1 32. Rxd1 Qxd1+ 33. Kh2
Qd4 34. Rg3 Rc5 35. h5 Qg7 36. Qd2 Rxh5+ 37. Kg1 Qa1+ 0-1

[Event "Championnat de France des Jeunes - Junio"]
[Site "AIX LES BAINS"]
[Date "2009.04.21"]
[Round "4.3"]
[White "Favarel, Antoine"]
[Black "Bressac, Stephane"]
[Result "1-0"]
[WhiteElo "2204"]
[BlackElo "2142"]
[PlyCount "95"]

1. e4 c5 2. b3 Nc6 3. Bb2 e6 4. Nf3 d5 5. exd5 exd5 6. h3 Nf6 7. Bb5 Be7 8. O-O
O-O 9. d4 Ne4 10. Bxc6 bxc6 11. Ne5 Qc7 12. Nd2 cxd4 13. Bxd4 c5 14. Bb2 Nxd2
15. Qxd2 d4 16. Rae1 Bd6 17. Nd3 Bb7 18. c3 Qc6 19. f3 Bg3 20. Re7 Rad8 21.
cxd4 cxd4 22. Rc1 Qb6 23. Nc5 Bxf3 24. Qg5 Rd6 25. Qxg3 Bxg2 26. Nd7 Rg6 27.
Nxb6 Rxg3 28. Kh2 Rd3 29. Kxg2 Rd2+ 30. Kf3 axb6 31. Re2 Rd3+ 32. Kg2 h5 33. h4
Ra8 34. Ba1 Rd8 35. Rce1 Rd6 36. Re5 Rg6+ 37. Kf2 Rf6+ 38. Ke2 Rh3 39. Bxd4 Rf4
40. Bxb6 Rhxh4 41. Kd3 Rf6 42. Bc5 Rh2 43. a4 h4 44. b4 h3 45. b5 Ra2 46. b6
Rf3+ 47. R5e3 Rff2 48. Re8+ 1-0

[Event "Championnat de France des Jeunes - Junio"]
[Site "AIX LES BAINS"]
[Date "2009.04.21"]
[Round "4.5"]
[White "Pouchon, Mickael"]
[Black "Poignot, Quentin"]
[Result "0-1"]
[WhiteElo "1902"]
[BlackElo "2148"]
[PlyCount "88"]

1. e4 c5 2. Nf3 d6 3. d4 cxd4 4. Nxd4 Nf6 5. Nc3 g6 6. Be3 Bg7 7. Bc4 O-O 8. h3
Nc6 9. Bb3 Na5 10. O-O b6 11. Qd3 Bb7 12. Rfe1 Rc8 13. Bg5 Nxb3 14. axb3 a6 15.
Nd5 e6 16. Nxf6+ Bxf6 17. Bxf6 Qxf6 18. Rad1 Rfd8 19. c3 b5 20. Qg3 Qe7 21. b4
Rc4 22. e5 dxe5 23. Rxe5 Qf6 24. Rde1 Bd5 25. h4 Ra8 26. h5 a5 27. hxg6 hxg6
28. bxa5 Rxa5 29. Qh3 b4 30. cxb4 Rxb4 31. Qc3 Raa4 32. b3 Ra2 33. f3 Qh4 34.
Nc2 Rxb3 35. Qd4 Qd8 36. Ne3 Rbb2 37. Nxd5 Rxg2+ 38. Kh1 Rh2+ 39. Kg1 Rag2+ 40.
Kf1 Rf2+ 41. Kg1 Rd2 42. Qc5 Rhg2+ 43. Kf1 Qh4 44. Nf6+ Qxf6 0-1

[Event "Championnat de France des Jeunes - Junio"]
[Site "AIX LES BAINS"]
[Date "2009.04.21"]
[Round "4.6"]
[White "Le Bail, Clara"]
[Black "Roubert, Emile"]
[Result "1-0"]
[WhiteElo "2048"]
[BlackElo "1918"]
[PlyCount "47"]

1. e4 e5 2. Nf3 Nc6 3. Bb5 a6 4. Bxc6 dxc6 5. O-O Bg4 6. h3 h5 7. d3 Qf6 8.
Nbd2 Bd6 9. Re1 Ne7 10. d4 Ng6 11. hxg4 hxg4 12. g3 gxf3 13. Nxf3 Qe6 14. Ng5
Qd7 15. d5 cxd5 16. Qxd5 f6 17. Ne6 Ke7 18. Nxg7 Qh3 19. Nf5+ Kd8 20. Nh6 Nf4
21. Bxf4 exf4 22. Nf7+ Kc8 23. Nxh8 Qxh8 24. Qf5+ 1-0

[Event "Championnat de France des Jeunes - Junio"]
[Site "AIX LES BAINS"]
[Date "2009.04.22"]
[Round "4.7"]
[White "Grimmer, Jonathan"]
[Black "Gras, Delphine"]
[Result "0-1"]
[WhiteElo "1875"]
[BlackElo "1982"]
[PlyCount "180"]

1. e4 c6 2. d4 d5 3. exd5 cxd5 4. Bd3 Nc6 5. c3 Nf6 6. Bf4 Bg4 7. Qb3 Qd7 8.
Nd2 e6 9. Ngf3 Bxf3 10. Nxf3 Be7 11. Ne5 Qc8 12. Nxc6 bxc6 13. h3 O-O 14. O-O
c5 15. dxc5 Bxc5 16. Qc2 g6 17. Bh6 Re8 18. Bb5 Rd8 19. Bg5 Be7 20. Qa4 Qc7 21.
Qh4 Kg7 22. Qh6+ Kh8 23. Qh4 Ng8 24. Bxe7 Qxe7 25. Qxe7 Nxe7 26. Rfd1 Rab8 27.
a4 Nc8 28. Rd2 Nd6 29. Bd3 Nc4 30. Bxc4 dxc4 31. Rad1 Rxd2 32. Rxd2 Kg7 33. Kf1
Rb6 34. Rd4 Rxb2 35. Rxc4 Ra2 36. Rb4 Kf6 37. c4 a5 38. Rb5 Rxa4 39. Ke2 Rxc4
40. Rxa5 Rc2+ 41. Ke3 Rc3+ 42. Kd2 Rb3 43. h4 h5 44. g3 Rf3 45. Ke2 Rf5 46. Ra8
g5 47. hxg5+ Kxg5 48. Rg8+ Kh6 49. Ke3 Kh7 50. Re8 h4 51. gxh4 Rh5 52. Rc8 Rxh4
53. Rc5 Kg6 54. Rb5 Kf6 55. Ra5 e5 56. Ra7 Ke6 57. Ra8 Kf5 58. Rf8 Rh3+ 59. Ke2
f6 60. Rg8 Kf4 61. Rf8 f5 62. Kf1 Rh5 63. Ke2 Rh1 64. Rb8 Ra1 65. Rb4+ e4 66.
Rb5 Ra2+ 67. Kf1 Rd2 68. Ke1 Rd3 69. Rb7 e3 70. fxe3+ Kxe3 71. Re7+ Kf3 72. Rh7
Re3+ 73. Kf1 f4 74. Rh8 Re5 75. Rh3+ Kg4 76. Ra3 Rb5 77. Rd3 Rb2 78. Rd7 Kg3
79. Rg7+ Kf3 80. Ke1 Rb1+ 81. Kd2 Kf2 82. Kd3 f3 83. Rh7 Rg1 84. Kd2 Rg2 85.
Rh1 Rg1 86. Rh7 Rg3 87. Rf7 Kf1 88. Kd1 f2 89. Kd2 Kg1 90. Ke2 Rg2 0-1

[Event "Championnat de France des Jeunes - Junio"]
[Site "AIX LES BAINS"]
[Date "2009.04.21"]
[Round "4.9"]
[White "Attarian, Florent"]
[Black "Brethes, Francois"]
[Result "1/2-1/2"]
[WhiteElo "1894"]
[BlackElo "2272"]
[PlyCount "82"]

1. d4 d5 2. Nf3 Nf6 3. e3 e6 4. Bd3 c5 5. c3 Nc6 6. Nbd2 Be7 7. O-O O-O 8. dxc5
Bxc5 9. e4 Qc7 10. Qe2 h6 11. h3 Nh5 12. Rd1 Nf4 13. Qf1 Nxd3 14. Qxd3 Rd8 15.
Qe2 b6 16. exd5 Rxd5 17. Nb3 Ba6 18. Qe1 Ne5 19. Nxe5 Rxe5 20. Be3 Bxe3 21.
fxe3 Rd8 22. Rxd8+ Qxd8 23. Rd1 Qg5 24. e4 f5 25. Rd4 Bb7 26. Nd2 fxe4 27. Nc4
Rd5 28. Rxe4 Rd3 29. Rg4 Qd5 30. Qh4 Qc5+ 31. Rd4 e5 32. Nxe5 Rd1+ 33. Kf2 Rd2+
34. Ke1 Rxg2 35. Qd8+ Kh7 36. Nd7 Qg5 37. Nf8+ Kg8 38. Ne6+ Qxd8 39. Rxd8+ Kh7
40. Nf8+ Kg8 41. Ne6+ Kh7 1/2-1/2

[Event "Championnat de France des Jeunes - Junio"]
[Site "AIX LES BAINS"]
[Date "2009.04.21"]
[Round "4.10"]
[White "Saint-Gilles, Damien"]
[Black "Valles, Manuel"]
[Result "0-1"]
[WhiteElo "1669"]
[BlackElo "2125"]
[PlyCount "54"]

1. d4 d5 2. Nf3 Nf6 3. b3 c5 4. dxc5 Nc6 5. e3 e5 6. Be2 Bxc5 7. Bb2 Qe7 8. O-O
O-O 9. Qc1 Bf5 10. c3 Ne4 11. Nbd2 Rac8 12. Qd1 Rfd8 13. Bb5 a6 14. Bxc6 Rxc6
15. Re1 Bg4 16. Qc1 Rh6 17. h3 Nxd2 18. hxg4 Nxf3+ 19. gxf3 e4 20. Qd1 Qh4 21.
Kf1 Qh3+ 22. Ke2 Qxf3+ 23. Kd2 Qxf2+ 24. Re2 Qxe3+ 25. Kc2 Qf3 26. Qe1 d4 27.
Rd1 d3+ 0-1

[Event "Championnat de France des Jeunes - Junio"]
[Site "AIX LES BAINS"]
[Date "2009.04.21"]
[Round "4.12"]
[White "Flores, Francisco"]
[Black "Esposito, Julie"]
[Result "1-0"]
[WhiteElo "1810"]
[BlackElo "1840"]
[PlyCount "59"]

1. e4 c5 2. Nf3 a6 3. d4 cxd4 4. Nxd4 Nf6 5. Nc3 e5 6. Nf3 Bb4 7. Bd2 O-O 8.
Bd3 d6 9. Qe2 Nc6 10. h3 Nd4 11. Nxd4 exd4 12. Nb1 Qb6 13. c3 Bc5 14. cxd4 Bxd4
15. Bc3 Re8 16. O-O Bf5 17. Nd2 Bxc3 18. bxc3 d5 19. e5 Bxd3 20. Qxd3 Rxe5 21.
Nf3 Re7 22. Nd4 Rd8 23. Qg3 Qc7 24. Nf5 g6 25. Nxe7+ Qxe7 26. Rfe1 Ne4 27. Qd3
Qc5 28. Qd4 Rc8 29. Rac1 Nxc3 30. Re8+ 1-0

[Event "Championnat de France des Jeunes - Junio"]
[Site "AIX LES BAINS"]
[Date "2009.04.21"]
[Round "4.13"]
[White "Le Berre, Tennessee"]
[Black "Doziere, Nicolas"]
[Result "1-0"]
[WhiteElo "1834"]
[BlackElo "1290"]
[PlyCount "109"]

1. e4 e5 2. d4 exd4 3. Nf3 Nc6 4. Nxd4 Bc5 5. Be3 Qf6 6. c3 Nxd4 7. Bxd4 Bxd4
8. cxd4 c5 9. e5 Qf4 10. Qd2 Qxd4 11. Qxd4 cxd4 12. Nd2 f6 13. Nf3 d5 14. exd6
Bg4 15. Nxd4 O-O-O 16. Rc1+ Kb8 17. Be2 Bxe2 18. Kxe2 Rxd6 19. Nf5 Rc6 20. Rxc6
bxc6 21. Nxg7 Nh6 22. Nh5 Ng4 23. h3 Re8+ 24. Kf3 Ne5+ 25. Kf4 Nd3+ 26. Kf5
Re5+ 27. Kxf6 Rxh5 28. g4 Rh4 29. Kg5 Nxf2 30. Rf1 Rxh3 31. Rxf2 Kb7 32. Kf6 a5
33. g5 Kb6 34. Kg7 Rg3 35. Rf5 h5 36. g6 h4 37. Kh7 h3 38. Rh5 Rd3 39. g7 Rd7
40. Rxh3 c5 41. Kh8 Rxg7 42. Kxg7 Kb5 43. Kf6 c4 44. Ke5 Kb4 45. Kd4 a4 46. Rc3
Kb5 47. Rxc4 a3 48. bxa3 Ka5 49. Rb4 Ka6 50. Kc5 Ka5 51. Rb8 Ka6 52. Kc6 Ka7
53. Rb4 Ka8 54. Kc7 Ka7 55. Ra4# 1-0

[Event "Championnat de France des Jeunes - Junio"]
[Site "AIX LES BAINS"]
[Date "2009.04.21"]
[Round "4.14"]
[White "Scalia, Jerome"]
[Black "Figier, Anthony"]
[Result "1-0"]
[WhiteElo "1833"]
[BlackElo "1630"]
[PlyCount "71"]

1. d4 d5 2. Nf3 Nf6 3. g3 Nc6 4. Bg2 Bg4 5. O-O e6 6. b3 Bf5 7. Bb2 Bd6 8. Nbd2
Nb4 9. c3 Nc6 10. c4 O-O 11. Rc1 Re8 12. h3 Bb4 13. a3 Bxd2 14. Nxd2 Qe7 15.
Re1 Rad8 16. e3 Qd7 17. Kh2 Ne7 18. b4 c6 19. a4 Qc7 20. b5 Bg6 21. Qb3 Nc8 22.
c5 Ne7 23. Ba3 h5 24. Nf3 Ne4 25. Re2 Nf5 26. Ne5 Nf6 27. Rb2 Re7 28. Rcb1 Kh7
29. bxc6 bxc6 30. Qb7 Qxb7 31. Rxb7 Nd7 32. Nxc6 Rde8 33. Nxe7 Rxe7 34. c6 Nb6
35. Bxe7 Nxe7 36. R1xb6 1-0

[Event "Championnat de France des Jeunes - Junio"]
[Site "AIX LES BAINS"]
[Date "2009.04.21"]
[Round "4.15"]
[White "Perrusset, Barbara"]
[Black "Gillet, Noel"]
[Result "1-0"]
[WhiteElo "1817"]
[BlackElo "1690"]
[PlyCount "69"]

1. d4 Nf6 2. c4 g6 3. Nc3 Bg7 4. e4 d6 5. Nf3 O-O 6. Be2 e5 7. O-O Nc6 8. dxe5
dxe5 9. Bg5 Qxd1 10. Rfxd1 Bg4 11. h3 Bxf3 12. Bxf3 Nd4 13. Nd5 Nxd5 14. cxd5
f5 15. Rac1 Nxf3+ 16. gxf3 Rf7 17. Be3 f4 18. Bc5 Rd7 19. Ba3 Rad8 20. Re1 Bf8
21. Bxf8 Rxf8 22. Rc3 Rff7 23. Rec1 g5 24. Ra3 a6 25. Rc4 h5 26. Rb4 c5 27.
dxc6 bxc6 28. Rb8+ Kg7 29. Rxa6 Ra7 30. Rbb6 c5 31. Rg6+ Kf8 32. Rxa7 Rxa7 33.
Rxg5 Rg7 34. Rxg7 Kxg7 35. a4 1-0

[Event "Championnat de France des Jeunes - Junio"]
[Site "AIX LES BAINS"]
[Date "2009.04.21"]
[Round "4.16"]
[White "Flaquet, Sebastien"]
[Black "Duveau, Erwan"]
[Result "1-0"]
[WhiteElo "1707"]
[BlackElo "1784"]
[PlyCount "73"]

1. c4 c5 2. Nc3 Nc6 3. g3 Nf6 4. Bg2 e6 5. e4 Be7 6. Nge2 Ne5 7. d3 O-O 8. O-O
d6 9. b3 Rb8 10. d4 cxd4 11. Nxd4 a6 12. h3 Bd7 13. a4 Nc6 14. Ba3 Nxd4 15.
Qxd4 e5 16. Qd3 Qb6 17. b4 Rbc8 18. Rfd1 Be6 19. Nd5 Bxd5 20. exd5 Nd7 21. a5
Qc7 22. c5 f5 23. Rac1 e4 24. Qb3 Bg5 25. cxd6 Qb8 26. Rc7 Rf7 27. Qc2 Re8 28.
Qa4 Rd8 29. Bc1 Bxc1 30. Rdxc1 Ne5 31. Qa1 Nd3 32. Rxf7 Kxf7 33. Rc7+ Kg6 34.
Qxg7+ Kh5 35. g4+ fxg4 36. hxg4+ Kh4 37. Qf6+ 1-0

[Event "Championnat de France des Jeunes - Junio"]
[Site "AIX LES BAINS"]
[Date "2009.04.21"]
[Round "4.17"]
[White "Dabilougou, Quentin"]
[Black "Dolz, Elisabeth"]
[Result "0-1"]
[WhiteElo "1010"]
[BlackElo "1718"]
[PlyCount "38"]

1. e4 e5 2. Nf3 Nc6 3. Bc4 Bc5 4. Ng5 Qxg5 5. g3 Qf6 6. Qe2 d5 7. d3 dxc4 8.
dxc4 Nd4 9. Qd1 Nf3+ 10. Ke2 Nxh2 11. Rxh2 Bg4+ 12. Kd2 O-O-O+ 13. Kc3 Rxd1 14.
Be3 Bd4+ 15. Bxd4 exd4+ 16. Kb3 Qb6+ 17. Ka4 Bd7+ 18. Ka3 Qa5+ 19. Kb3 Qa4# 0-1

[Event "Championnat de France des Jeunes - Junio"]
[Site "AIX LES BAINS"]
[Date "2009.04.22"]
[Round "4.18"]
[White "Kopp, Tristan"]
[Black "Dupont, Ludovic"]
[Result "0-1"]
[WhiteElo "1410"]
[BlackElo "1350"]
[PlyCount "152"]

1. e4 e6 2. d4 d5 3. Nc3 dxe4 4. Nxe4 Nf6 5. Bd3 Nbd7 6. Bg5 Be7 7. Nf3 O-O 8.
Qe2 h6 9. Nxf6+ Bxf6 10. Bf4 c5 11. Qe4 g6 12. Bxh6 Re8 13. c3 cxd4 14. cxd4 e5
15. d5 Nc5 16. Qc4 Nxd3+ 17. Qxd3 e4 18. Qc4 exf3+ 19. Be3 Bg5 20. Kd2 Bxe3+
21. fxe3 Be6 22. e4 Qg5+ 23. Kd3 fxg2 24. Rhg1 Bd7 25. Rae1 a6 26. a4 b5 27.
Qc7 Re7 28. a5 b4 29. Qb7 Bb5+ 30. Kd4 Qe5+ 31. Kc5 Rxb7 32. Rxg2 Rc8+ 33. Kxb4
Qxb2+ 34. Rxb2 Bd7+ 35. Ka3 Rxb2 36. Kxb2 Rc5 37. Ra1 f5 38. exf5 Bxf5 39. d6
Bd7 40. Kb3 Rh5 41. Rg1 Kg7 42. Rg2 Rxa5 43. h4 Rd5 44. Kb4 a5+ 45. Kc4 Be6 46.
Kc3 a4 47. Kb2 Re5 48. Ka3 Rd5 49. Kxa4 Rd4+ 50. Kb5 Rxh4 51. Rd2 Bd7+ 52. Kb6
Kf6 53. Kc7 Rh7 54. Kd8 Ke6 55. Rd1 Ba4 56. Rd2 Rd7+ 57. Kc8 Rxd6 58. Rg2 Kf7
59. Kc7 Bc6 60. Rf2+ Rf6 61. Re2 g5 62. Re5 g4 63. Rg5 Rg6 64. Rxg4 Rxg4 65.
Kxc6 Rd4 66. Kc5 Rd1 67. Kc4 Ke6 68. Kc3 Ke5 69. Kc2 Rd8 70. Kc3 Ke4 71. Kc4
Rc8+ 72. Kb5 Kd4 73. Ka6 Rb8 74. Ka7 Rb1 75. Ka6 Kc5 76. Ka5 Ra1# 0-1

[Event "Championnat de France des Jeunes - Cadets"]
[Site "AIX LES BAINS"]
[Date ""]
[Round "4.1"]
[White "Demuth, Adrien"]
[Black "Villegas, Pierre"]
[Result "*"]
[WhiteElo "2330"]
[BlackElo "2195"]
[Annotator ""]

1. d4 Nf6 2. c4 g6 3. Nc3 Bg7 4. e4 d6 5. Nf3 O-O 6. Be2 e5 7. O-O Nc6 8. d5
Ne7 9. Ne1 Nd7 10. Nd3 f5 11. Bd2 Nf6 12. f3 f4 13. c5 g5 14. Rc1 Ng6 15. cxd6
cxd6 16. Nb5 g4 17. Nc7 g3 18. h3 Kh8 19. Nxa8 Bxh3 20. gxh3 Qd7 21. Nf2 gxf2+
22. Rxf2 Rxa8 23. Be1 Rg8 24. Bf1 Nh5 25. Kh2 Ng3 26. Qc2 Nh4 27. Qc7 Qe8 28.
Qxd6 Qh5 29. Bg2 Qg5 30. Bf1 1/2-1/2

[Event "Championnat de France des Jeunes - Cadet"]
[Site "AIX LES BAINS"]
[Date "2009.04.21"]
[Round "4.2"]
[White "Hoareau, William"]
[Black "Blum, Nicolas"]
[Result "1/2-1/2"]
[WhiteElo "2138"]
[BlackElo "2234"]
[PlyCount "63"]

1. d4 Nf6 2. Nf3 e6 3. g3 b5 4. Bg2 Bb7 5. O-O c5 6. Nbd2 Na6 7. c3 Be7 8. Re1
d5 9. Ne5 O-O 10. a3 Qb6 11. e3 Nc7 12. g4 Rad8 13. b4 cxb4 14. cxb4 a5 15. Nd3
Na6 16. Rb1 Ne4 17. Qb3 axb4 18. axb4 f5 19. gxf5 Rxf5 20. f4 Kh8 21. Nc5 Nxd2
22. Bxd2 Nc7 23. e4 Rf6 24. e5 Rg6 25. Re3 Bc6 26. Rg3 Be8 27. Rxg6 Bxg6 28.
Ra1 Qc6 29. Ra7 Ra8 30. Qa2 Rxa7 31. Qxa7 h6 32. Qb7 1/2-1/2

[Event "Championnat de France des Jeunes - Cadet"]
[Site "AIX LES BAINS"]
[Date "2009.04.21"]
[Round "4.3"]
[White "Ollier, Pablo"]
[Black "Graca, Robert"]
[Result "0-1"]
[WhiteElo "2200"]
[BlackElo "2170"]
[Annotator "Rivier,Sylvain"]
[PlyCount "96"]

1. a3 g6 2. Nf3 Bg7 3. d4 Nf6 4. b4 O-O 5. c4 d6 6. Bb2 Nbd7 7. Qc2 a5 8. e4 e5
9. d5 c5 10. bxa5 Qxa5+ 11. Nc3 Nb6 12. Nd2 Na4 13. Bd3 Nxc3 14. Bxc3 Qc7 15.
O-O Bd7 16. Rfb1 Ra7 17. Qb2 Rfa8 18. Be2 Ne8 19. h3 Qc8 20. Rf1 Bh6 21. Nf3
Nf6 22. Bd2 Bg7 23. Bd3 Nh5 24. Qc1 Nf4 25. Bxf4 exf4 26. Ra2 Qe8 27. Re1 Qe7
28. Bf1 g5 29. Nh2 Qe5 30. Nf3 Qe7 31. Qb1 h5 32. Qc1 g4 33. Nh2 Be5 34. Qd1
Qh4 35. Qc1 Kh7 36. Kh1 Rg8 37. Qd1 Rg6 38. Qd3 Ra8 39. Rb1 Rag8 40. Rxb7 gxh3
41. f3 hxg2+ 42. Rxg2 Rxg2 43. Bxg2 Rxg2 44. Kxg2 Bh3+ 45. Kh1 Qe1+ 46. Nf1
Bxf1 47. Qb1 Qf2 48. Rd7 Kh6 {suite illisible} 0-1

[Event "Championnat de France des Jeunes - Cadet"]
[Site "AIX LES BAINS"]
[Date "2009.04.21"]
[Round "4.4"]
[White "Banuls, Adrien"]
[Black "Massoni, Michael"]
[Result "0-1"]
[WhiteElo "1902"]
[BlackElo "2272"]
[PlyCount "54"]

1. e4 c5 2. Nf3 e6 3. c3 d5 4. exd5 exd5 5. d4 Nf6 6. Bb5+ Bd7 7. Bxd7+ Nbxd7
8. O-O Be7 9. Bf4 O-O 10. Re1 Re8 11. Nbd2 Nf8 12. Nf1 Ne6 13. Bg3 Ne4 14. Ne3
c4 15. Qc2 Nxg3 16. hxg3 g6 17. b3 b5 18. bxc4 bxc4 19. Qa4 Qd6 20. Qa5 Nc7 21.
Rab1 Reb8 22. Ne5 a6 23. N3g4 Kg7 24. Rxb8 Rxb8 25. Nc6 Rb5 26. Qxb5 axb5 27.
Nxe7 Ne6 0-1

[Event "Championnat de France des Jeunes - Cadet"]
[Site "AIX LES BAINS"]
[Date "2009.04.21"]
[Round "4.5"]
[White "Li, Frederic"]
[Black "Stephan, Victor"]
[Result "1/2-1/2"]
[WhiteElo "2240"]
[BlackElo "2168"]
[PlyCount "104"]

1. Nf3 Nf6 2. c4 g6 3. Nc3 Bg7 4. e4 d6 5. d4 O-O 6. Be2 e5 7. O-O Nc6 8. d5
Ne7 9. Ne1 Nd7 10. Be3 f5 11. f3 f4 12. Bf2 g5 13. a4 a5 14. Nd3 b6 15. Be1 Nf6
16. Nf2 Rf7 17. Nb5 h5 18. h3 Bh6 19. b4 g4 20. fxg4 hxg4 21. Nxg4 Bxg4 22.
Bxg4 Nxg4 23. Qxg4+ Rg7 24. Qh5 Kh7 25. bxa5 Rg5 26. Qe2 bxa5 27. Bh4 Rg7 28.
c5 dxc5 29. Bf6 Rg6 30. Bxe5 Qd7 31. Ra3 Rag8 32. Rf2 c6 33. dxc6 Nxc6 34. Bb2
Nb4 35. Rc3 Rg3 36. Rxc5 f3 37. Rxf3 Rxg2+ 38. Qxg2 Qd1+ 39. Kh2 Rxg2+ 40. Kxg2
Qc2+ 41. Rf2 Qxe4+ 42. Kf1 Nd5 43. Bd4 Qh1+ 44. Ke2 Nf4+ 45. Rxf4 Bxf4 46. Nc3
Qc1 47. Kd3 Qf1+ 48. Ke4 Bd2 49. Rxa5 Bxc3 50. Bxc3 Qxh3 51. Kd4 Qd7+ 52. Kc4
Qc6+ 1/2-1/2

[Event "Championnat de France des Jeunes - Cadet"]
[Site "AIX LES BAINS"]
[Date "2009.04.21"]
[Round "4.6"]
[White "Millon, Valentin"]
[Black "Ludwig, Remi"]
[Result "0-1"]
[WhiteElo "2062"]
[BlackElo "2202"]
[PlyCount "70"]

1. e4 e6 2. d4 d5 3. e5 c5 4. Qg4 cxd4 5. Nf3 Nc6 6. Bd3 Qc7 7. Qg3 Nge7 8. O-O
Bd7 9. Re1 g6 10. a3 Bg7 11. b4 a6 12. Nbd2 O-O-O 13. Nb3 f6 14. Bf4 g5 15.
exf6 gxf4 16. Qxg7 Rdg8 17. Qh6 Ng6 18. f7 Rf8 19. Bxg6 hxg6 20. Qxg6 e5 21.
Nc5 e4 22. Ng5 f3 23. g3 e3 24. Nxf3 Nd8 25. fxe3 Rxf7 26. Nxd7 Qxd7 27. Nxd4
Qh3 28. Re2 Rhf8 29. Rg2 Rf6 30. Qg5 Qd7 31. Rc1 Kb8 32. Rb1 Qc7 33. Qxd5 Qc3
34. b5 Rf2 35. Rxf2 Rxf2 0-1

[Event "Championnat de France des Jeunes - Cadet"]
[Site "AIX LES BAINS"]
[Date "2009.04.21"]
[Round "4.7"]
[White "Sochacki, Wojtek"]
[Black "Marcel, Valentin"]
[Result "1-0"]
[WhiteElo "2212"]
[BlackElo "1965"]
[PlyCount "177"]

1. e4 c5 2. Nf3 Nc6 3. d4 cxd4 4. Nxd4 e5 5. Nb5 d6 6. c4 Be7 7. N1c3 a6 8. Na3
f5 9. exf5 Bxf5 10. Bd3 Bxd3 11. Qxd3 Nf6 12. O-O O-O 13. Nc2 Nd7 14. Be3 Nc5
15. Qd5+ Kh8 16. b4 Nd7 17. Rfd1 Nf6 18. Qd3 Rb8 19. a4 b6 20. Nd5 e4 21. Qe2
Ne5 22. Nd4 Qd7 23. Nxe7 Qxe7 24. Nf5 Qe6 25. Nxd6 Nd3 26. Nxe4 Nxb4 27. Nxf6
Rxf6 28. Rd4 Nc6 29. Rd5 Nb4 30. Rd2 Re8 31. Rad1 Nc6 32. Qh5 Ne5 33. Rd6 Qe7
34. Bg5 Nxc4 35. Qxe8+ Qxe8 36. Rxf6 h6 37. Rd8 Qxd8 38. Rxh6+ gxh6 39. Bxd8 b5
40. axb5 axb5 41. Be7 Kg7 42. Kf1 Kf7 43. Bb4 Kf6 44. Ke2 Kf5 45. f3 Ke5 46.
Kd3 Nb2+ 47. Ke2 Nc4 48. Kd3 Nb6 49. Bc3+ Kd5 50. g4 Nd7 51. Bg7 Nc5+ 52. Kc3
h5 53. h3 hxg4 54. hxg4 Ne6 55. Bh6 Ke5 56. Kb4 Kf6 57. Be3 Nc7 58. Kc5 b4 59.
Bd2 b3 60. Bc1 Ne6+ 61. Kc4 Kg6 62. Kc3 Kf6 63. Be3 Ke5 64. Kxb3 Kf6 65. Kc3
Ke5 66. Kd3 Nf8 67. Ke2 Nh7 68. Kf2 Kf6 69. Kg3 Kg6 70. Kh4 Nf6 71. Bd4 Ng8 72.
Bc5 Nh6 73. Be7 Nf7 74. f4 Nh6 75. Bd8 Nf7 76. f5+ Kg7 77. Be7 Kh6 78. Bf8+ Kh7
79. Kh5 Kg8 80. Be7 Kg7 81. Bc5 Kh7 82. Bd4 Nd6 83. Be5 Nf7 84. Bf4 Nd8 85. g5
Nc6 86. Bd6 Nd8 87. g6+ Kg7 88. Be7 Nc6 89. f6+ 1-0

[Event "Championnat de France des Jeunes - Cadet"]
[Site "AIX LES BAINS"]
[Date "2009.04.21"]
[Round "4.8"]
[White "Chandesris, Ludovic"]
[Black "Lallement, Victor"]
[Result "0-1"]
[WhiteElo "1920"]
[BlackElo "2116"]
[PlyCount "82"]

1. e4 c5 2. Nf3 d6 3. d4 cxd4 4. Nxd4 Nf6 5. Nc3 a6 6. Bc4 e6 7. Bb3 b5 8. Bg5
Nbd7 9. f4 Bb7 10. Qe2 b4 11. Nd5 exd5 12. e5 dxe5 13. fxe5 Qe7 14. exf6 gxf6
15. Bf4 O-O-O 16. Qxe7 Bxe7 17. Nf5 Rhe8 18. O-O-O Nc5 19. Nxe7+ Rxe7 20. Rhe1
Rxe1 21. Rxe1 Ne4 22. Be3 Rd6 23. Bd4 Kd7 24. Re3 f5 25. Rf3 Rh6 26. Be5 Ke6
27. Bf4 Rg6 28. g3 h5 29. h4 Rg8 30. Kd1 Rc8 31. Ke2 a5 32. Re3 Ba6+ 33. Kf3
Bb5 34. c3 a4 35. Bc2 d4 36. Bxe4 dxe3 37. Bb7 Bc6+ 38. Bxc6 Rxc6 39. cxb4 Rc2
40. Kxe3 Rxb2 41. Kd3 Rxb4 0-1

[Event "Championnat de France des Jeunes - Cadet"]
[Site "AIX LES BAINS"]
[Date "2009.04.21"]
[Round "4.9"]
[White "Tachikart, Yassin"]
[Black "Vidal, Llewellyn"]
[Result "1/2-1/2"]
[WhiteElo "2107"]
[BlackElo "1909"]
[PlyCount "92"]

1. d4 Nf6 2. c4 c5 3. d5 b5 4. Nf3 e6 5. Bg5 h6 6. Bxf6 Qxf6 7. Qc2 bxc4 8. Nc3
Na6 9. a3 Rb8 10. e4 exd5 11. exd5 Be7 12. Bxc4 O-O 13. O-O d6 14. Rfe1 Nc7 15.
Bd3 Bg4 16. Nd2 Rfe8 17. Re3 Bf8 18. Nde4 Qd4 19. Rae1 f5 20. Ng3 f4 21. Rxe8
Nxe8 22. Nf5 Bxf5 23. Bxf5 Nc7 24. Re4 Qf6 25. Be6+ Kh8 26. Qd2 g5 27. h4 Bg7
28. hxg5 hxg5 29. Re2 Qg6 30. Bg4 Be5 31. a4 Kg7 32. Qe1 Re8 33. Qd2 Qh6 34.
Bh3 Qh4 35. f3 Qh6 36. Kh1 Qg6 37. Re1 Bd4 38. Rxe8 Qxe8 39. Kh2 Qe3 40. Qd1
Bxc3 41. bxc3 Qxc3 42. Qb1 Qf6 43. Qb7 Qe7 44. Be6 Kf6 45. Qb2+ Kg6 46. Qc2+
Kh6 1/2-1/2

[Event "Championnat de France des Jeunes - Cadet"]
[Site "AIX LES BAINS"]
[Date "2009.04.21"]
[Round "4.10"]
[White "Najart, David"]
[Black "Baudson, Charles"]
[Result "0-1"]
[WhiteElo "1903"]
[BlackElo "2103"]
[PlyCount "73"]

1. d4 d5 2. c4 e6 3. Nf3 Nf6 4. Nc3 Be7 5. Qc2 b6 6. cxd5 exd5 7. Bf4 c5 8. e3
O-O 9. dxc5 bxc5 10. Be2 Nc6 11. O-O Qa5 12. Rfd1 Rd8 13. Ne5 Nxe5 14. Bxe5 Bb7
15. Bf3 c4 16. b4 Bxb4 17. Bxf6 gxf6 18. Ne2 Bc8 19. Nf4 Be6 20. Nh5 Bc3 21.
Rab1 Rab8 22. e4 d4 23. Nxf6+ Kg7 24. Nh5+ Kh8 25. Rxb8 Rxb8 26. Qc1 d3 27. Qh6
Qe5 28. g3 Bd4 29. g4 Rg8 30. h3 Qg5 31. Qxg5 Rxg5 32. Nf4 Be5 33. Nxd3 cxd3
34. Rxd3 Rg8 35. Ra3 Bd4 36. Rd3 Bb6 37. Kg2 0-1

[Event "Championnat de France des Jeunes - Cadet"]
[Site "AIX LES BAINS"]
[Date "2009.04.21"]
[Round "4.11"]
[White "Delboe, Charles"]
[Black "Allorant, Adrien"]
[Result "0-1"]
[WhiteElo "1894"]
[BlackElo "2076"]
[PlyCount "64"]

1. e4 c5 2. Nf3 Nc6 3. d4 cxd4 4. Nxd4 g6 5. Nc3 Bg7 6. Be3 Nf6 7. f3 O-O 8.
Qd2 d5 9. exd5 Nxd5 10. Nxd5 Qxd5 11. Nxc6 Qxc6 12. O-O-O Bf5 13. Bd3 Rfd8 14.
Qe2 Qd5 15. Bc4 Qe5 16. c3 Rdc8 17. Rd5 Qc7 18. Rc5 Qd6 19. Rd5 Qc6 20. Rc5 Qe8
21. g4 Rxc5 22. Bxc5 Rc8 23. gxf5 Rxc5 24. fxg6 hxg6 25. Kc2 b5 26. Bb3 b4 27.
Qe3 Re5 28. Qxa7 Qc8 29. Qf2 Qf5+ 30. Kd2 Bh6+ 31. f4 Bxf4+ 32. Qxf4 Qxf4+ 0-1